Intercultural Competence: A Long-term Goal of Intercultural Education
Gespeichert in:
| 1. Verfasser: | |
|---|---|
| Format: | Buchkapitel |
| Sprache: | Englisch |
| Schlagworte: | |
| Tags: |
Keine Tags, Fügen Sie das erste Tag hinzu!
|
MARC
| LEADER | 00000naa$a2200000$$$4500 | ||
|---|---|---|---|
| 001 | 0223911 | ||
| 005 | 20240502083557.0 | ||
| 041 | 0 | |a eng | |
| 044 | |a DE | ||
| 245 | 1 | 0 | |a Intercultural Competence: A Long-term Goal of Intercultural Education |c Ildikó Némethová |
| 610 | 2 | 0 | |a kompetencie |
| 610 | 2 | 0 | |a kultúra |
| 610 | 2 | 0 | |a vzdelávanie vysokoškolské |
| 610 | 2 | 0 | |a vzťahy interkultúrne |
| 610 | 2 | 0 | |a správanie |
| 100 | 1 | |a Némethová, Ildikó, 1974- | |